Maurice /

Guardat en:
Dades bibliogràfiques
Autor principal: Forster, Edward Morgan (Autor)
Altres autors: Bulgheroni, Marisa (Autor del postil·ló, colofó, etc.)
Format: Llibre
Idioma:italià
Publicat: Milano : Garzanti, 1992
Edició:6. ed
Col·lecció:Gli elefanti
Etiquetes: Afegir etiqueta
Sense etiquetes, Sigues el primer a etiquetar aquest registre!

MARC

LEADER 00000nam a22000007i 4500
001 IT\ICCU\UBO\0252064
003 ItRI
005 20250824182247.0
008 960530s1992 it |||||| ||||| |||||c
020 |a 8811666988 
040 |b ita  |c ARCIGAY RIMINI 
041 7 |a ita  |2 ISO-639-2 
082 |a 823.912  |2 20 
100 1 |a Forster, Edward Morgan  |0 IT\ICCU\CFIV\002137  |4 aut 
240 1 0 |a Maurice. -  |9 Forster, E. M. 
245 1 0 |a Maurice /  |c E. M. Forster ; postfazione di Marisa Bulgheroni. 
250 |a 6. ed 
260 |a Milano :  |b Garzanti,  |c 1992 
300 |a 325 p. ;  |c 19 cm 
500 |a Trad. di Marcella Bonsanti. 
700 1 |a Bulgheroni, Marisa  |0 IT\ICCU\CFIV\078915  |4 aft 
830 4 |a Gli elefanti  |0 IT\ICCU\CFI\0015745 
942 |2 ddc  |c BK 
952 |0 0  |1 0  |2 ddc  |4 0  |6 823_912000000000000_FOR_MAU  |7 1  |9 2629  |a RN  |b RN  |d 2024-12-31  |l 0  |o 823.912 FOR MAU  |p 10066  |r 2024-12-31 16:21:50  |w 2024-12-31  |y BK 
952 |0 0  |1 0  |2 ddc  |4 0  |6 LNR_02FOREDMAU13  |7 0  |9 5012  |a MI  |b MI  |d 2010-03-19  |i 5951  |l 0  |o LNR02-FORED-MAU13  |p CDOM5951  |r 2025-07-07 11:14:38  |w 2025-07-07  |x DONO  |y BK 
952 |0 0  |1 0  |2 ddc  |4 0  |6 LNR_02FOREDMAU12  |7 0  |9 5013  |a MI  |b MI  |d 2005-06-08  |i 4206  |l 0  |o LNR02-FORED-MAU12  |p CDOM4206  |r 2025-07-07 11:14:38  |w 2025-07-07  |x DONO  |y BK 
952 |0 0  |1 0  |2 ddc  |4 0  |6 LNR_02FOREDMAU11  |7 0  |9 5014  |a MI  |b MI  |d 1972-01-01  |i 3130  |l 0  |o LNR02-FORED-MAU11  |p CDOM3130  |r 2025-07-07 11:14:38  |w 2025-07-07  |x DONO  |y BK 
981 1 |6 z01  |a i   |b xxxe  
982 1 |6 z01  |a n 
999 |c 2273  |d 2273